| 000 | 00694nam a22002177a 4500 | ||
|---|---|---|---|
| 003 | 0 | ||
| 005 | 20250423172437.0 | ||
| 008 | 250423b xxu||||| |||| 00| 0 eng d | ||
| 020 | _a978-971-9655-47-3 | ||
| 050 |
_aHD 62.5 _b.Y33 2024 |
||
| 100 | _aYbanez, Frederick U. | ||
| 245 |
_aEntrepreneurial management _cFrederick U. Ybanez |
||
| 260 |
_aIntramuros, Manila _bMindshapers Co., Inc. _cc2024 |
||
| 300 |
_ax, 148 pages ; _c23 cm. |
||
| 504 | _aIncludes bibliographical references. | ||
| 650 | _aEntrepreneurship. | ||
| 650 | _aNew business enterprises—Management. | ||
| 650 | _aSmall business—Management. | ||
| 650 | _aBusiness enterprises—Management. | ||
| 942 |
_2lcc _cBK |
||
| 999 |
_c367402 _d367402 |
||